KOHA-Header-6

So You Want to Start Your Own Business (Record no. 9465)

000 -LEADER
fixed length control field 00257nam a2200109Ia 4500
020 ## - INTERNATIONAL STANDARD BOOK NUMBER
ISBN 978-0074710647
100 ## - MAIN ENTRY--AUTHOR NAME
Personal name Alan Williams
245 #0 - TITLE STATEMENT
Title So You Want to Start Your Own Business
260 ## - PUBLICATION, DISTRIBUTION, ETC. (IMPRINT)
Place of publication New Jersey
Name of publisher Thomson South
Year of publication 1994
300 ## - PHYSICAL DESCRIPTION
Number of Pages 336
942 ## - ADDED ENTRY ELEMENTS (KOHA)
Koha item type Books
Holdings
Withdrawn status Lost status Collection code Permanent Location Current Location Shelving location Date acquired Full call number Accession Number Koha item type
    Business MAJU MAJU   2019-09-14 658.15 5224 Business

Powered by Koha